000 00457nam a2200181Ia 4500
003 IIN
005 20240124162620.0
008 231217s9999 xx 000 0 und d
020 _cRs.950.00
_a9789354654619
040 _aIIN
_bEnglish
082 _a610.73
_bCLE
100 1 _aClement, I
245 1 _aNursing Foundation
_cI. Clement
260 _bJaypee
_aNew Delhi
_c2022
300 _axxi, 572p. / V.1
650 1 _aFoundation
_vNursing
942 _cBOOK
999 _c1090
_d1090